Quizzes
Events
Quiz Creation
Community
Videos
Private Events
Remove Ads
Sign In
Join for FREE
Feedback
Dark Mode
Quiz Categories
Sports
Geography
Music
Movies
Television
Just For Fun
Miscellaneous
History
Literature
Language
Science
Gaming
Entertainment
Religion
Holiday
For Kids
Quiz Lab
Recent
Popular Today
Quiz Kudos Today
Editor Picks
Curator Picks
Quizzes by...
Day
Popularity
Type
Ratings
Length
Year
Community
Subscriptions
Recent Discussions
Orange Saloon
Badges
Playlists
Quests
Create
Leaderboards
Showdown
Live 5
Trivia Bingo
Activity
Puzzle Library
Sporcle Events
Private Events
Virtual Trivia
Globe League
Become a Host
Pub Owners
SporcleCon
Opinionation
Our Games
Videos
Blog
Mobile Apps
Partnerships
Remove Ads and Go Orange
Feedback
Television
TV Characters
TV Show
Sitcom
Network
Friends
Reality Shows
Cast
South Park
Star Trek
The Simpsons
Doctor Who
Television
TV Characters
TV Show
Sitcom
Network
Friends
Reality Shows
Cast
South Park
Star Trek
The Simpsons
Doctor Who
Random Quiz
Search Sporcle
×
Quiz Lab
Quiz Lab
Television
TV Show
Click on regions of an image
Click on regions of an image
Picture Click
Best Score? Go Orange.
'The Walking Dead' In Order (S1 Ep2) Stats
Can you pick the screenshots from the season 1 episode 2 of 'The Walking Dead' in the order they occur in the episode?
By
Doctor_Arzt
3m
9 Questions
629 Plays
629 Plays
629 Plays
Comments
Comments
Give Quiz Kudos
Give Quiz Kudos
-
- Ratings
hide this ad
Forced Order
Answers have to be entered in order
Answers have to be entered in order
Replay
Link that replays current quiz
Next Quiz
Link to next quiz in quiz playlist
You Got
0%
They Got
Avg Score
80%
Avg Friend Score
Upgrade to see
Score Distribution
Jump to the score distribution portion of the page
Score
0/9
Timer
03:00
0
Plays Today
% Correct
Scene 9
97.5%
Scene 2
88.1%
Scene 8
86.2%
Scene 1
79.8%
Scene 3
78.2%
Scene 4
78.2%
Scene 6
77.3%
Scene 7
72.5%
Scene 5
70.1%
Quiz Playlist
Details
Report
Send in Message
Add To Playlist
Picture Click:
Click on regions of an image
Forced Order:
Answers have to be entered in order
Last Updated: May 10, 2019
Quiz Scoreboard
CHALLENGE
Sign Up to Join the Scoreboard
Show All
Scores
Hide
Comments
May contain spoilers
Recently Published
An Introduction to Baseball
by treessimontrees
Sports
5m
Movies - When Are They Set?
by FPL_Elf
Movies
5m
Popular People in 1961
by mucciniale
History
6m
More to Explore
Quiz From the Vault
Featured Blog Post
Where Did the Easter Bunny Come From?
hide this ad
You Might Also Like...
Tags
TV Show Quiz
episode
In Order
Picture Click
screenshot
Season 1
The Walking Dead
Today's Top Quizzes in Television
Browse Television
hide this ad
Today's Top Quizzes in TV Show
Browse TV Show
Top Contributed Quizzes in Television
1
One Piece Logic Puzzle
2
Survivor Logic Puzzle: Heroes vs. Villains
3
Survivor Seasons
4
Survivor Season by Logo
5
5-to-1: The Simpsons Families
6
Survivor Trivia
7
One Thing in Common: Television
8
Who Wants to Be a Millionaire?
9
Survivor Logic Puzzle: Winners at War
10
Ultimate Survivor Logic Puzzle
Explore More
Trending Topics
NBA
Kpop
Harry Potter
Disney
Crossword
Marvel
Anime
Soccer
Pokémon
The Office
Song
WWE
NFL
Puzzle
Country
hide this ad
More By:
Doctor_Arzt
Quiz
Plays
Rating
Category
Featured
Created
5 in 15: European Countries
176,233
4.65
Geography
Feb 22, 2019
Movie Characters by Film Blitz
160,912
4.55
Movies
Oct 16, 2018
5 in 15: MCU Avengers Characters
156,045
4.50
Movies
Apr 29, 2019
2019 Movie Characters by Film Blitz
152,904
4.64
Movies
Dec 23, 2019
2018 Movie Characters by Film Blitz
140,686
4.59
Movies
Mar 9, 2019
Go to Creator's Profile
Score Distribution
Quiz Creator Spotlight
Doctor_Arzt
Follow
Send a Message
Quizzes Created
-
Created Quiz Play Count
-
More By This Creator
Popular Quizzes Today
1
Find the Countries of Europe - No Outlines Minefield
2
Find the US States - No Outlines Minefield
3
The Countries of the World
4
Popular People in 1961
5
US States
6
1-10 Letter E Words III
7
Find the US States
8
One Thing in Common: World Cities II
More Television Quizzes
The Walking Dead: Sasha Williams Start to Finish
Quiz Lab
Trending Quizzes
Risky Map Clicking: Least Populous States A-Z
1-10 Letter F Words
1-10 Letter G Words
One Thing in Common: United Kingdom
Risky Map Clicking: Next State Alphabetically
Recently Updated
Leaping Animals
pecheneg
Reality TV Shows (A-Z)
bhenderson79
Rickey Henderson's Hall of Fame Teammates
pecheneg
Champions League XIs: Arsenal
pecheneg
Quick Pick: Celebrities in WWE's Hall of Fame
aduchscher
A-Z Keypad Blitz II
pecheneg
Multiple Oscar Actors
pecheneg
Mystery Phrase Blitz: Oscar 'Best Actors'
pecheneg
F. Scott Fitzgerald Novels
LTH
Pick 3 Villains
ddd62291
Trending Topics
Harry Potter
Disney
Crossword
NBA
Kpop
Anime
Marvel
Pokémon
The Office
NFL
WWE
Puzzle
Country
Soccer
Song
Your Account Isn't Verified!
In order to create a playlist on Sporcle, you need to verify the email address you used during registration. Go to your
Sporcle Settings
to finish the process.
Report this User
Report this user for behavior that violates our
Community Guidelines
.
Details:
Send Report
Go to the Sporcle.com Mobile Site →
Comments